Loading...
| Beliefs | 0 | 5 | 1 | 2 | 45 | 93 | 116.40 | 0 | 1 | 0.00 | 0.00 |
| Visual Arts | 1 | 2 | 0 | 1 | 35 | 47 | 104.33 | 1 | 2 | 0.00 | 0.00 |
| Literature - American | 1 | 2 | 0 | 0 | 35 | 63 | 92.33 | 0 | 1 | 0.00 | 0.00 |
| Literature - World | 0 | 4 | 1 | 0 | 35 | 84 | 109.00 | 0 | 2 | 0.00 | 0.00 |
| Philosophy | 0 | 5 | 3 | 1 | 35 | 94 | 105.80 | 1 | 2 | 0.00 | 0.00 |
| Science - Other | 0 | 3 | 0 | 1 | 30 | 89 | 108.67 | 0 | 1 | 0.00 | 0.00 |
| Literature - British | 1 | 1 | 0 | 1 | 25 | 91 | 118.00 | 0 | 1 | 0.00 | 0.00 |
| History - World | 0 | 2 | 0 | 1 | 20 | 120 | 125.50 | 0 | 0 | 0.00 | 0.00 |
| Literature - European | 0 | 3 | 2 | 0 | 20 | 101 | 112.00 | 1 | 3 | 0.00 | 0.00 |
| Science - Biology | 0 | 2 | 0 | 0 | 20 | 84 | 106.00 | 0 | 1 | 0.00 | 0.00 |
| History - European | 0 | 2 | 1 | 0 | 15 | 96 | 108.50 | 0 | 0 | 0.00 | 0.00 |
| History - American | 0 | 2 | 2 | 0 | 10 | 114 | 114.50 | 0 | 0 | 0.00 | 0.00 |
| Social Science | 0 | 2 | 2 | 1 | 10 | 119 | 123.50 | 0 | 0 | 0.00 | 0.00 |
| Other Academic | 0 | 1 | 1 | 0 | 5 | 94 | 94.00 | 0 | 0 | 0.00 | 0.00 |
| History - Ancient | 0 | 0 | 1 | 0 | -5 | 0.00 | 0 | 0 | 0.00 | 0.00 | |
| Modern World | 0 | 0 | 1 | 0 | -5 | 0.00 | 0 | 0 | 0.00 | 0.00 |